Desgaste de metales
Збережено в:
| Автор: | |
|---|---|
| Формат: | Книга |
| Мова: | Іспанська |
| Опубліковано: |
Ciudad de México
Limusa
1999
|
| Предмети: | |
| Теги: |
Додати тег
Немає тегів, Будьте першим, хто поставить тег для цього запису!
|
MARC
| LEADER | 00000nam a2200000 a 4500 | ||
|---|---|---|---|
| 001 | UCM2645 | ||
| 003 | CL-VaPUC | ||
| 008 | 020613e19990000MX |||||||||||||||||spa|d | ||
| 082 | 0 | 4 | |a 621.89 |b SAR |2 21 |
| 100 | 0 | |a Sarkar, A. D |e author |9 469350 | |
| 245 | 1 | 0 | |a Desgaste de metales |
| 300 | |a 229 p | ||
| 942 | |c BK | ||
| 945 | |d 20020613 00:00:00 |a vberengu | ||
| 260 | |a Ciudad de México |b Limusa |c 1999 | ||
| 650 | 0 | |a Metales |9 260686 | |
| 650 | 7 | |a FRICCION |2 CL-VaPUC |9 346652 | |
| 650 | 7 | |a DESGASTE |2 CL-VaPUC |9 439713 | |
| 650 | 7 | |a SOLUBILIDAD |2 CL-VaPUC |9 262979 | |
| 583 | |a last modification |c 20020613 00:00:00 |k Rodrigo Vera | ||
| 999 | |c 300377 |d 300375 | ||
| 952 | |0 0 |1 0 |4 0 |6 621_890000000000000_SAR_1999 |7 0 |8 A |9 358058 |a BIBMEC |b BIBMEC |d 2019-11-21 |i 4727266 |o 621.89 SAR 1999 |p 4727266 |r 2024-01-19 |w 2019-11-21 |y BK |k MEC | ||